000 00536cam a2200193ua 4500
003 OSt
008 241227b |||||||| |||| 00| 0 eng d
020 _a9781259002298
020 _a0070323305
082 _a535.2
_bJEN/FU
100 _aJenkins, Francis A.
_96639
245 _aFundamentals of Optics /
250 _a4
260 _aNew York :
_bMcGraw Hill Book Company ,
_c1969.
260 _aNew Delhi
_bTata McGraw Hill Education Private Limited
_c2011
300 _a637 ; .746
700 1 _aWhite, Harvey E.
_96640
942 _cBK
999 _c3324
_d3324